000 00446nam a2200205Ia 4500
001 12887
003 GE_BSU
008 181216s||||||||xx |||||||||||||| ||und||
020 _a0593024141
040 _cGE_BSU
080 _a821.111-312.4
100 _aAnthony,Evelyn.
245 4 _aThe Doll's House.
260 _aLondon.
260 _bBantam Press.
260 _c1992
300 _a285p;24cm.
653 _aThe Doll's House.
942 _cBK
999 _c46057
_d46057